000 00419nam a2200157 i 4500
001 24210
003 ES-MaACL
005 20230906153016.0
007 t|
008 021216s1968 sp ||||1| cat d
100 1 _aAmorós, Javier.
_921312
245 1 0 _aQui enganya, para... /
_cXavier Amorós.
260 _a[Barcelona] :
_bProa,
_c1968.
300 _a66 p. :
_bil. ;
_c18 cm.
852 _aES-MaACL
_jC-34489
_bR.65579
999 _c24210
_d24210